الخروف فوفو و الثعلب / (Record no. 123458)

MARC details
000 -LEADER
fixed length control field 00598nam a22001937a 4500
005 - DATE AND TIME OF LATEST TRANSACTION
control field 20251108175008.0
008 - FIXED-LENGTH DATA ELEMENTS--GENERAL INFORMATION
fixed length control field 250721s2002 xx 000 0 ara d
082 14 - DEWEY DECIMAL CLASSIFICATION NUMBER
Classification number ط/ق/عيش
100 1# - MAIN ENTRY--PERSONAL NAME
Personal name عيشان، عبدالله
Relator term مؤلف
245 10 - TITLE STATEMENT
Title الخروف فوفو و الثعلب /
264 1# - PRODUCTION, PUBLICATION, DISTRIBUTION, MANUFACTURE, AND COPYRIGHT NOTICE
Place of production, publication, distribution, manufacture حيفا :
Name of producer, publisher, distributor, manufacturer مكتبة كل شىء،
Date of production, publication, distribution, manufacture, or copyright notice 2002.
300 ## - PHYSICAL DESCRIPTION
Extent 30ص.
490 0# - SERIES STATEMENT
Series statement براعم الزيتون
650 17 - SUBJECT ADDED ENTRY--TOPICAL TERM
Topical term or geographic name as entry element أدب الاطفال
653 ## - INDEX TERM--UNCONTROLLED
Uncontrolled term مرحلة أطفال متوسطة (6-9) سنوات
700 1# - ADDED ENTRY--PERSONAL NAME
Personal name الماجدي، سوسن
942 ## - ADDED ENTRY ELEMENTS (KOHA)
Source of classification or shelving scheme Dewey Decimal Classification
Koha item type Books
Holdings
حالة السحب حالة الفقدان مصدر التصنيف حالة التلف غير قابل للإعارة المكتبة الرئيسية المكتبة الحالية موقع الرف تاريخ التزويد الرقم المتسلسل Total Checkouts رقم الإستدعاء تاريخ آخر ظهور تاريخ الفاتورة نوع المادة (كوها) الباركود
    Dewey Decimal Classification     المكتبة المركزية المكتبة المركزية مقتنيات قسم التزويد 28/07/2025 1443424   ط/ق/عيش 28/07/2025 28/07/2025 Books  
    Dewey Decimal Classification     المكتبة المركزية المكتبة المركزية مقتنيات قسم التزويد 28/07/2025 1443425   ط/ق/عيش 28/07/2025 28/07/2025 Books  
    Dewey Decimal Classification     المكتبة المركزية المكتبة المركزية مقتنيات قسم التزويد 28/07/2025 1443426   ط/ق/عيش 28/07/2025 28/07/2025 Books  
    Dewey Decimal Classification     مكتبة البشائر للأطفال مكتبة البشائر للأطفال الأطفال 01/06/2011 1443432   ط/ق/عيش 28/07/2025 01/06/2011 Books PLD00208346
    Dewey Decimal Classification     مكتبة قتيبة للأطفال مكتبة قتيبة للأطفال الأطفال 01/06/2011 1443433   ط/ق/عيش 28/07/2025 01/06/2011 Books PLD00208345
    Dewey Decimal Classification     مكتبة البراعم الواعدة مكتبة البراعم الواعدة الأطفال 01/06/2011 1443434   ط/ق/عيش 28/07/2025 01/06/2011 Books PLD00208344
    Dewey Decimal Classification     مكتبة البيادر مكتبة البيادر الأطفال 01/06/2011 1443435   ط/ق/عيش 28/07/2025 01/06/2011 Books PLD00208343
    Dewey Decimal Classification     مكتبة الراية الهاشمية للأطفال مكتبة الراية الهاشمية للأطفال الأطفال 01/06/2011 1443441   ط/ق/عيش 28/07/2025 01/06/2011 Books PLD00208337
    Dewey Decimal Classification     مكتبة الياسمين للأطفال مكتبة الياسمين للأطفال الأطفال 01/06/2011 1443439   ط/ق/عيش 28/07/2025 01/06/2011 Books PLD00208339
    Dewey Decimal Classification     مكتبةمؤتة مكتبةمؤتة الأطفال 01/06/2011 1443440   ط/ق/عيش 28/07/2025 01/06/2011 Books PLD00208338
Implemented & Customized by: BBB with SCIT (Smart Chains for Information Technology)

Powered by Koha